00651nam a2200193Ia 4500952012800000999001700128003000400145005001700149008004100166020001800207040001800225082001800243100002200261245006800283260004500351300000900396650001000405942004200415 00102ddc40708LITaMESbMEScHINd2019-02-20g195.00l0o891.43 JOS/Hp36147r2019-02-20 00:00:00w2019-02-20yBKzGR6R3 c16767d16767OSt20200606120004.0190216s9999||||xx |||||||||||||| ||und|| a9788190827652 cMESKC library a891.43bJOS/H aJoshi,Chama 9441 0aHindi Sahitya Mein Jyotish Shastra Ki Parampara /cChama Joshi  bDheshabharathi Prakashan,c2010.aDelhi: a176p aHindi cBK2ddch891.43iJOS/Hk891.43mJOS/H